01524nam a2200385Ia 4500001001200000003000800012006001900020007001500039008004100054010001700095020001500112020002200127020001800149020002500167020001800192040002100210035002000231050002300251082001200274100002200286245015600308260004700464300002400511504005100535533015200586650004300738650001700781650005700798650004800855650004600903655002900949710001700978856012600995999001701121ebr10670433CaPaEBRm u cr cn|||||||||791026s1980 ctua sb 001 0 eng d z 79024162  z0300024770 z0300027605 (pbk.) z9780300024777 z9780300027600 (pbk.) z9780300186680 aCaPaEBRcCaPaEBR a(OCoLC)4701163014aBR270b.O96 1980eb04a2742231 aOzment, Steven E.14aThe age of reform (1250-1550)h[electronic resource] :ban intellectual and religious history of late medieval and Reformation Europe /cSteven Ozment. aNew Haven :bYale University Press,c1980. axii, 458 p. :bill. aIncludes bibliographical references and index. aElectronic reproduction.bPalo Alto, Calif. :cebrary,d2013.nAvailable via World Wide Web.nAccess may be limited to ebrary affiliated libraries. 0aChurch historyyMiddle Ages, 600-1500. 0aReformation. 0aTheology, DoctrinalxHistoryyMiddle Ages, 600-1500. 0aTheology, DoctrinalxHistoryy16th century. 0aReligious thoughtyMiddle Ages, 600-1500. 7aElectronic books.2local2 aebrary, Inc.40uhttp://site.ebrary.com/lib/rucke/Doc?id=10670433zAn electronic book accessible through the World Wide Web; click to view c62195d62195